Tráfico de estupefacientes /
Guardado en:
| Autor Principal: | |
|---|---|
| Otros Autores: | |
| Formato: | Libro |
| Idioma: | Spanish |
| Publicado: |
Ciudad Autónoma de Buenos Aires :
Astrea,
2014.
|
| Edición: | 1a. ed. |
| Materias: | |
| Etiquetas: |
Agregar Etiqueta
Sin Etiquetas, Sea el primero en etiquetar este registro!
|
| LEADER | 00706nam a22001815a 4500 | ||
|---|---|---|---|
| 001 | DER.der014017 | ||
| 008 | 190909s2014####ag############000#0#spa#d | ||
| 005 | 20250717143442.0 | ||
| 245 | 1 | 0 | |a Tráfico de estupefacientes / |c Julio Leonardo Bavio ; prólogo de Rodolfo Urtubey. |
| 250 | |a 1a. ed. | ||
| 260 | |a Ciudad Autónoma de Buenos Aires : |b Astrea, |c 2014. | ||
| 300 | |a 232 p. | ||
| 500 | |a Radarización. Tránsito aéreo irregular. "Ley de derribo". Convenios internacionales. Jurisprudencia aplicable. Procedimientos y casos paradigmáticos. | ||
| 020 | |a 9789877060393 | ||
| 100 | 1 | |a Bavio, Julio L. | |
| 700 | 1 | |a Urtubey, Rodolfo, |e prol. | |
| 650 | 7 | |a DERECHO PENAL | |
| 859 | |a DERECHO |b BIB. DERECHO |h 345 |i BAV |p 009233 | ||
